=LDR 00000nam 2200000 4500 =001 INLIS000000000025012 =005 20130612123543 =008 ***********************************Ind** =035 ##$$0010-061300000025012 =041 ##$$a Ind =082 ##$$a 340 =090 ##$$a 340, dir p =100 ##$$a Soedjono =245 ##$$a Pengantar tentang psikologi hukum, Soedjono =260 ##$$a 1983 $b Bandung =300 ##$$a 164 hlm, ilus, 2000 =650 ##$$a Tentang hukum =850 ##$$a NBPNMAT